Famous Fictional Foxes Quiz Stats

 Plays Quiz Updated Jul 2, 2016

Score 0/12 Timer 04:00
4 Plays Today
Fox % Correct
Robin Hood (Robin Hood)
94.2%
Fantastic Mr. Fox (Fantastic Mr. Fox)
77.6%
Fox in Socks (Fox in Socks)
54.4%
Swiper (Dora the Explorer)
52.9%
Miles 'Tails' Prower (Sonic the Hedgehog)
49.2%
Fox McCloud (Star Fox)
40.6%
Tod (The Fox and the Hound)
40.5%
Eevee (Pokémon)
39.3%
Nick Wilde (Zootopia)
25.9%
Br'er Fox (Song of the South)
24.4%
J. Worthington Foulfellow (Pinocchio)
12.7%
Foxy Loxy (Chicken Little)
12.1%

You're not logged in!

Compare scores with friends on all Sporcle quizzes.
OR
Log In

Show Comments

Extras

Top Quizzes Today


Score Distribution

Your Account Isn't Verified!

In order to create a playlist on Sporcle, you need to verify the email address you used during registration. Go to your Sporcle Settings to finish the process.

Report this User

Report this user for behavior that violates our Community Guidelines.

Details: